| 000 | 00742nam a2200277Ia 4500 | ||
|---|---|---|---|
| 008 | 170711s9999 xx 000 0 und d | ||
| 020 | _a9780030212833 | ||
| 050 | _a330 | ||
| 050 | _bM938 2000 | ||
| 100 | _aGwartney, James D. | ||
| 245 | _aEconomics : | ||
| 245 | _bprivate and public choice / | ||
| 245 | _cJames D. Gwartney, Richard L. Stroup and Russell S. Sobel. | ||
| 250 | _aNineth edition. | ||
| 260 | _aOrlando, Florida : | ||
| 260 | _bDryden, | ||
| 260 | _c2000 | ||
| 300 | _axlvi, 934 pages : | ||
| 300 | _bcolored illustrations ; | ||
| 300 | _c26cm. | ||
| 500 | _aIncludes glossary and index. | ||
| 650 | _aEconomics. | ||
| 700 | _aSobel, Russell S. | ||
| 700 | _aStroup, Richard L. | ||
| 700 | _aTitle. | ||
| 999 |
_c339986 _d339986 |
||